Scottish Football League Club Nicknames 2025/2026 - Statistics

General Stats
  • This quiz has been taken 28 times
  • The average score is 18 of 42
Answer Stats
Division Club Nickname % Correct
Premiership Hearts The Jam Tarts
88%
Premiership Aberdeen The Dons
84%
Premiership Rangers The Gers
80%
Premiership Celtic The Bhoys
76%
Premiership Falkirk The Bairns
72%
Premiership Kilmarnock Killie
64%
Premiership Dundee The Dee
64%
Championship St Johnstone The Saints
64%
Premiership Motherwell The Well
64%
Premiership Hibernian Hibs
60%
Premiership Livingston Livi
60%
Championship Partick Thistle The Jags
60%
League One Hamilton Academical The Accies
56%
League One Alloa Athletic The Wasps
56%
Premiership St Mirren The Buddies
48%
Championship Airdrieonians The Diamonds
48%
Championship Dunfermline Athletic The Pars
48%
Championship Raith Rovers The Rovers
48%
Championship Greenock Morton The Ton
48%
Championship Ross County The Staggies
44%
Championship Ayr United The Honest Men
40%
Championship Arbroath The Red Lichties
40%
Championship Queen's Park The Spiders
40%
League Two Clyde The Bully Wee
36%
League Two Stranraer The Blues
32%
League One Inverness Caledonian Thistle Caley Thistle
28%
League Two Dumbarton The Sons
28%
Premiership Dundee United The Terrors
28%
League Two Stirling Albion The Binos
24%
League One Peterhead The Blue Toon
24%
League One Queen of the South The Doonhamers
24%
League Two Annan Athletic The Galabankies
24%
League One Kelty Hearts The Hearts
24%
League One Stenhousemuir The Warriors
24%
League Two The Spartans Spartans
20%
League One East Fife The Fifers
20%
League Two Forfar Athletic The Loons
20%
League Two Edinburgh City The Citizens
16%
League One Montrose The Gable Endies
16%
League Two Elgin City The Black and Whites
8%
League Two East Kilbride The Kilby
8%
League One Cove Rangers The Toonsers
4%
No matching quizzes found
Score Distribution
Percent of People with Each Score
Percentile by Number Answered
Your Score History
You have not taken this quiz